Pokemon Groups of Fives - Statistics

General Stats
  • This quiz has been taken 102 times
    101 since last reset
  • The average score is 27 of 40
Answer Stats
Category Answer % Correct
Rock type Gym Leaders Brock
98%
Water type Pokemon that can Mega Evolve Blastoise
95%
Legendary Titans Regice
95%
Legendary Titans Regirock
95%
Legendary Titans Registeel
95%
Legendary Titans Regieleki
94%
Fire type Pokemon introduced in gen 4 Infernape
92%
Fire type Pokemon introduced in gen 4 Monferno
92%
Legendary Titans Regidrago
92%
Fire type Pokemon introduced in gen 4 Chimchar
91%
Water type Pokemon that can Mega Evolve Swampert
89%
Rock/Bug Pokemon Crustle
85%
Water type Pokemon that can Mega Evolve Gyarados
85%
Rock/Bug Pokemon Dwebble
83%
Fire type Pokemon introduced in gen 4 Magmortar
83%
Non volatile status conditions Asleep
82%
Fire type Pokemon introduced in gen 4 Heatran
80%
Non volatile status conditions Frozen
77%
Non volatile status conditions Paralysis
77%
Non volatile status conditions Burn
73%
Rock/Bug Pokemon Anorith
71%
Rock/Bug Pokemon Armaldo
71%
Rock type Gym Leaders Roxanne
70%
Non volatile status conditions Poison
67%
Rock type Gym Leaders Roark
65%
Water type Pokemon that can Mega Evolve Sharpedo
64%
Rock/Bug Pokemon Shuckle
64%
Water type Pokemon that can Mega Evolve Slowbro
62%
Rock type Gym Leaders Grant
56%
Towns/Cities where Grass type gyms are located Celadon City
47%
Rock type Gym Leaders Gordie
47%
Towns/Cities where Grass type gyms are located Eterna City
39%
Natures that do not increase or decreases stats Serious
35%
Towns/Cities where Grass type gyms are located Striaton City
27%
Towns/Cities where Grass type gyms are located Turffield
26%
Natures that do not increase or decreases stats Docile
23%
Natures that do not increase or decreases stats Hardy
23%
Natures that do not increase or decreases stats Bashful
21%
Natures that do not increase or decreases stats Quirky
18%
Towns/Cities where Grass type gyms are located Courmarine City
9%
No matching quizzes found
Score Distribution
Percent of People with Each Score
Percentile by Number Answered
Your Score History
You have not taken this quiz since the last reset